[Event "Madrid-chT"]
[Site "Madrid"]
[Date "2012.01.29"]
[Round "8.45"]
[White "Aguado Sanchez, Juan"]
[Black "Vazquez Torres, Adrian"]
[Result "0-1"]
[WhiteElo "2050"]
[BlackElo "2145"]
[PlyCount "54"]
[EventDate "2011.11.13"]
[EventType "team-tourn"]
[EventRounds "14"]
[EventCountry "ESP"]
[SourceTitle "EXT 2013"]
[Source "ChessBase"]
[SourceDate "2012.11.22"]
[SourceVersion "1"]
[SourceVersionDate "2012.11.22"]
[SourceQuality "1"]
[WhiteTeam "Blanco y Negro"]
[BlackTeam "Virgen de Atocha"]
[WhiteTeamCountry "ESP"]
[BlackTeamCountry "ESP"]

1. e4 c5 2. d4 cxd4 3. c3 Nf6 4. e5 Nd5 5. Nf3 e6 6. cxd4 Nc6 7. Bd3 Qb6 8. Be4 Bb4+ 9. Bd2 Nxd4 10. 0-0 Nxf3+ 11. Qxf3 Ne7 12. Nc3 d5 13. exd6 Bxd6 14. Be3 Qxb2 15. Rfc1 Bd7 16. Rab1 Qa3 17. Rxb7 Rc8 18. Rxa7 Qb4 19. Rb7 Qa5 20. Ra7 Qe5 21. Bd2 Qxh2+ 22. Kf1 f5 23. Bd3 Nc6 24. Rb7 Qh1+ 25. Ke2 Nd4+ 26. Ke3 Qh6+ 27. Kxd4 e5+ 0-1